Dimensiones de la arquitectura: espacio, forma y escala
Furkejuvvon:
| Váldodahkkit: | , |
|---|---|
| Materiálatiipa: | Girji |
| Giella: | espánnjágiella |
| Almmustuhtton: |
Barcelona
Gustavo Gili
1981
|
| Preanttus: | 2a. ed |
| Fáttát: | |
| Fáddágilkorat: |
Lasit fáddágilkoriid
Eai fáddágilkorat, Lasit vuosttaš fáddágilkora!
|
MARC
| LEADER | 00000nam a2200000 a 4500 | ||
|---|---|---|---|
| 001 | UCT1736 | ||
| 003 | CL-VaPUC | ||
| 008 | 961004e19810000SP |||||||||||||||||spa|d | ||
| 082 | 0 | 4 | |a 720.1 |b MOO |2 21 |
| 100 | |a Moore, Charles Willard |e autor |9 370777 | ||
| 700 | 0 | |a Allen, Gerald |e author |9 370778 | |
| 245 | 1 | 0 | |a Dimensiones de la arquitectura: espacio, forma y escala |
| 250 | |a 2a. ed | ||
| 300 | |a 196 p | ||
| 942 | |c BK | ||
| 945 | |d 19961004 00:00:00 |a rleighto | ||
| 260 | |a Barcelona |b Gustavo Gili |c 1981 | ||
| 650 | 0 | |a Arquitectura |9 804558 | |
| 650 | 0 | |a Diseño arquitectónico |9 265271 | |
| 650 | 7 | |a OPERACIONES DE CONSTRUCCION |2 CL-VaPUC |9 347463 | |
| 650 | 0 | |a Edificios |9 260501 | |
| 650 | 0 | |a Vivienda |9 258662 | |
| 583 | |a last modification |c 19961004 00:00:00 |k Rodrigo Vera | ||
| 999 | |c 252187 |d 252185 | ||
| 952 | |0 0 |1 0 |4 0 |6 720_100000000000000_MOO_1981 |7 0 |8 A |9 271917 |a BIBARQ |b BIBARQ |d 2019-11-19 |i 323522K |l 1 |o 720.1 MOO 1981 |p 323522K |r 2025-01-20 |s 2023-03-20 |w 2019-11-19 |y BK |k ARQ | ||